02156nam a2200277uu 4500001000800000005001700008008004100025020001800066035001200084035002100096040001300117041000800130050000700138100004400145245003800189260003900227300001500266505028100281520112400562650003301686650003101719650002201750650003201772650002901804700004501833125739320260508071734.0110923s2010 spa  a9789586486163 a1257393 a(OCoLC)777074837 ccomduadb aspa 4aHF10aRincón Soto, Carlos Augusto4auteaut10aCostos : decisiones empresariales aBogotá :bEcoe Ediciones,c2010. axi, 278 p. aCONTENIDO: Introducción a los costos. -- Inventarios. -- Mano de obra. -- Servicios directos. -- Costos indirectos de fabricación. -- Análisis de costos-volumen-utilidad. -- Presupuestos. -- Gestión de las 5D. -- Modelos de gestión administrativa. -- Bibliografía.3 aRESEÑA : Este libro tiene como sentido visualizar al administrador como un elemento vital dentro de las decisiones de control, evaluación y desarrollo del sistema de información empresarial. Por ello ofrece información técnica sobre los modelos de medición y contabilización, con un alto contenido financiero y administrativo de la importancia del uso de los datos, para la toma de decisiones. El texto desarrolla técnicas contables y operacionales para empresas de sectores de servicios, industrial y comercial, con explicaciones sencillas de sus particularidades. Contiene ejemplos completos en cálculo, documentos y contabilización para que el lector tenga una mayor comprensión de todo el proceso. Podrá obtener una herramienta que le enseñará y dará pautas para calcular, evaluar y visualizar los costos de cualquier empresa. El libro incluye un complemento virtual en el SIL (Sistema de Información en Línea) en www.ecoeediciones.com que contiene: diapositivas de ayuda a docentes, talleres resueltos, talleres y exámenes, modelos de costos en Excel y artículos sobre costos. 7aContabilidad de costos2lemb 7aAnálisis de costos2lemb aControl de costos aContabilidad administrativa 7aToma de decisiones2lemb10aVillarreal Vásquez, Fernando4auteaut